|
|
|
|
| LEADER |
00839cam a2200205 7i4500 |
| 001 |
0000043942 |
| 005 |
20151218090000.0 |
| 090 |
0 |
0 |
|a BP80.A236
|b M37 2004
|
| 100 |
0 |
|
|a Masnun
|
| 245 |
1 |
0 |
|a Perkembangan Islam di Nusa Tenggara Barat :
|b studi tentang pemikiran Tuan Guru Kyai Haji Muhammad Zainuddin Abdul Madjid
|c oleh Masnun.
|
| 260 |
|
|
|a Jakarta:
|b IAIN Syarif Hidayatullah,
|c 2004.
|
| 300 |
|
|
|a ix, 337 p.:
|b ill.;
|c 30 cm.
|
| 600 |
0 |
0 |
|a Abdul Madjid, Muhammad Zainuddin,
|d 1906-1997
|
| 610 |
2 |
|
|a Institut Agama Islam Negeri Syarif Hidayatullah (IAIN)
|
| 650 |
0 |
0 |
|a Dissertations, Academic --
|z Indonesia
|
| 650 |
0 |
0 |
|a Islamic education --
|z Indonesia
|
| 650 |
0 |
0 |
|a Islam --
|z Indonesia
|
| 997 |
|
|
|a Centre for Graduate Studies
|
| 998 |
|
|
|a Social Science, Doctor of Philosophy
|
| 999 |
|
|
|a 0000052034
|b BOK
|c REFERENCE
|e 2nd Floor, Shah Alam
|